| 000 | 00726cab a2200253 4500 | ||
|---|---|---|---|
| 001 | ABS56405 | ||
| 008 | 090401t1996 xxu||||| |||| 00| 0 eng d | ||
| 035 | _a(Sirsi) u23373 | ||
| 041 | _aeng | ||
| 100 | _aRussell, J. | ||
| 245 | _aExamples of the Party Wall Act in action | ||
| 260 | _c1996 | ||
| 350 | _a0 | ||
| 490 |
_aBuilding Engineer _v71(10) December 1996, 10-11(2) |
||
| 520 | _aIllustrates the main components of the Party Wall etc Act 1996 through given examples. | ||
| 650 |
_aBoundary disputes _96221 |
||
| 650 | _aPARTY WALL ETC ACT 1996 | ||
| 650 |
_aParty walls _96258 |
||
| 650 | _aREPAIRS | ||
| 690 | _aPROPERTY LAW AND PRACTICE | ||
| 700 | _aYarnell, A. | ||
| 942 | _n0 | ||
| 948 | _c04/03/1997 | ||
| 999 |
_c15625 _d15625 |
||